000 00565nam a2200229Ia 4500
003 OSt
005 20221005125457.0
006 a|||||r|||| 00| 0
007 ta
008 221004b |||||||| |||| 00| 0 tam d
024 _a52604
037 _cTextual
040 _aCRL
_cCRL
_btam
041 _2tam
_atam
082 _aY5927:4w, 31K5
100 _aTamizvannan Au.
_9636734
245 0 _aPerriyar E.V.R.
260 _c1965
650 _aSOCIOLOGY
942 _hY5927:4w, 31K5
_cTEXL
_2cc
999 _c1054129
_d1054129